Statistics for Countries with the Most Nobel Prizes

Click here to take the quiz!

General Stats

  • This quiz has been taken 32 times
  • The average score is 10 of 11

Answer Stats

NumberCountry% Correct
71France
100%
111Germany
100%
138United Kingdom
100%
28Canada
97%
400United States
97%
32Russia
90%
32Sweden
90%
29Japan
83%
27Switzerland
83%
22Austria
73%
22Netherlands
73%

Score Distribution

Percentile by Number Answered

Percent of People with Each Score

Your Score History

You have not taken this quiz